| 000 | 00593nam a2200217Ia 4500 | ||
|---|---|---|---|
| 003 | IN-BaIIA | ||
| 008 | 211028s9999 xx 000 0 eng d | ||
| 040 | _cIIA Library | ||
| 080 |
_a550.3 _bAHR |
||
| 100 |
_aAhrens, L. H. _93303 |
||
| 245 | 0 |
_aPhysics and chemistry of the earth _cL. H. Ahrens, Kalervo Rankama and S. K. Runcorn. |
|
| 260 |
_aNew York _bMcGraw-Hill _c1956 |
||
| 300 | _aviii, 317p | ||
| 650 | _aChemistry | ||
| 650 | _aEarth | ||
| 650 | _aNASA Thesaurus | ||
| 650 |
_aPhysics _973 |
||
| 700 |
_aRankama, Kaler Vo _93304 |
||
| 700 |
_aRuncorn, S. K. _93305 |
||
| 942 | _cBK | ||
| 999 |
_c1669 _d1669 |
||